| 000 | 00638nam a2200229Ia 4500 | ||
|---|---|---|---|
| 003 | OSt | ||
| 005 | 20260305123919.0 | ||
| 008 | 210210b xxu||||| |||| 00| 0 eng d | ||
| 040 | _cAL | ||
| 041 | _aHindi | ||
| 082 | _a862/95 | ||
| 100 |
_aSHARMA (Chaturvedi D P) _dपौराणिक उपनयन २ _9257808 |
||
| 245 |
_aPauranik upakhayan II _bशर्मा (चतुर्वेदी (डी पी ) |
||
| 260 |
_aPrayag _b- |
||
| 440 |
_aII _9257809 |
||
| 650 |
_aupakhayan _9257810 |
||
| 650 |
_aPauraNik _9257811 |
||
| 650 |
_aII _9257812 |
||
| 690 |
_aHindi Prose _9257813 |
||
| 906 | _a023338 | ||
| 942 |
_2ddc _cBK |
||
| 999 |
_c148307 _d148307 |
||